<?xml version="1.0" encoding="UTF-8"?>
<record
    xmlns:xsi="http://www.w3.org/2001/XMLSchema-instance"
    xsi:schemaLocation="http://www.loc.gov/MARC21/slim http://www.loc.gov/standards/marcxml/schema/MARC21slim.xsd"
    xmlns="http://www.loc.gov/MARC21/slim">

  <leader>02837nam2a2200373   4500</leader>
  <controlfield tag="001">RU\NLR\BIBL_A\022383221</controlfield>
  <controlfield tag="005">20260426065953.0</controlfield>
  <datafield tag="010" ind1=" " ind2=" ">
    <subfield code="a">978-5-94841-657-1</subfield>
    <subfield code="b">&#x442;. 68</subfield>
    <subfield code="9">50</subfield>
  </datafield>
  <datafield tag="021" ind1=" " ind2=" ">
    <subfield code="a">RU</subfield>
    <subfield code="b">&#x41A;&#x41D;-&#x41F;-24-061122</subfield>
    <subfield code="9">&#x41A;&#x41D;-&#x41F;-24-6072</subfield>
  </datafield>
  <datafield tag="035" ind1=" " ind2=" ">
    <subfield code="a">(NLR Aleph) 022383221</subfield>
  </datafield>
  <datafield tag="090" ind1=" " ind2=" ">
    <subfield code="a">13691295</subfield>
    <subfield code="c">13691295</subfield>
  </datafield>
  <datafield tag="100" ind1=" " ind2=" ">
    <subfield code="a">20241115d2024    u  y0rusy50      ca</subfield>
  </datafield>
  <datafield tag="101" ind1="0" ind2=" ">
    <subfield code="a">rus</subfield>
    <subfield code="a">eng</subfield>
  </datafield>
  <datafield tag="102" ind1=" " ind2=" ">
    <subfield code="a">RU</subfield>
  </datafield>
  <datafield tag="105" ind1=" " ind2=" ">
    <subfield code="a">acghz   010zd</subfield>
  </datafield>
  <datafield tag="200" ind1="0" ind2=" ">
    <subfield code="a">&#x422;. 68</subfield>
    <subfield code="e">&#x43F;&#x43E; &#x43C;&#x430;&#x442;&#x435;&#x440;&#x438;&#x430;&#x43B;&#x430;&#x43C; XVI &#x41C;&#x435;&#x436;&#x434;&#x443;&#x43D;&#x430;&#x440;&#x43E;&#x434;&#x43D;&#x43E;&#x433;&#x43E; &#x444;&#x43E;&#x440;&#x443;&#x43C;&#x430; "&#x414;&#x438;&#x430;&#x43B;&#x43E;&#x433; &#x438;&#x441;&#x43A;&#x443;&#x441;&#x441;&#x442;&#x432; &#x438; &#x430;&#x440;&#x442;-&#x43F;&#x430;&#x440;&#x430;&#x434;&#x438;&#x433;&#x43C;" "Scienceforum pan-art XVI", 24 &#x430;&#x43F;&#x440;&#x435;&#x43B;&#x44F; 2024 &#x433;&#x43E;&#x434;&#x430;</subfield>
    <subfield code="e">&#x41C;&#x438;&#x445;&#x430;&#x438;&#x43B; &#x418;&#x432;&#x430;&#x43D;&#x43E;&#x432;&#x438;&#x447; &#x413;&#x43B;&#x438;&#x43D;&#x43A;&#x430; &#x438; &#x435;&#x433;&#x43E; &#x432;&#x440;&#x435;&#x43C;&#x44F;</subfield>
    <subfield code="e">&#x43A; 220-&#x43B;&#x435;&#x442;&#x438;&#x44E; &#x441;&#x43E; &#x434;&#x43D;&#x44F; &#x440;&#x43E;&#x436;&#x434;&#x435;&#x43D;&#x438;&#x44F;</subfield>
  </datafield>
  <datafield tag="210" ind1=" " ind2=" ">
    <subfield code="d">2024</subfield>
  </datafield>
  <datafield tag="215" ind1=" " ind2=" ">
    <subfield code="a">262 &#x441;.</subfield>
    <subfield code="c">&#x438;&#x43B;., &#x43F;&#x43E;&#x440;&#x442;&#x440;., &#x43D;&#x43E;&#x442;., &#x444;&#x430;&#x43A;&#x441;.</subfield>
  </datafield>
  <datafield tag="300" ind1=" " ind2=" ">
    <subfield code="a">&#x427;&#x430;&#x441;&#x442;&#x44C; &#x442;&#x435;&#x43A;&#x441;&#x442;&#x430; &#x430;&#x43D;&#x433;&#x43B;.</subfield>
  </datafield>
  <datafield tag="320" ind1=" " ind2=" ">
    <subfield code="a">&#x411;&#x438;&#x431;&#x43B;&#x438;&#x43E;&#x433;&#x440;. &#x432; &#x43A;&#x43E;&#x43D;&#x446;&#x435; &#x441;&#x442;. &#x438; &#x432; &#x43F;&#x43E;&#x434;&#x441;&#x442;&#x440;&#x43E;&#x447;. &#x43F;&#x440;&#x438;&#x43C;&#x435;&#x447;.</subfield>
  </datafield>
  <datafield tag="461" ind1=" " ind2="0">
    <subfield code="1">001RU\NLR\BIBL_A\011769616</subfield>
    <subfield code="1">2001#$a&#x414;&#x438;&#x430;&#x43B;&#x43E;&#x433; &#x438;&#x441;&#x43A;&#x443;&#x441;&#x441;&#x442;&#x432; &#x438; &#x430;&#x440;&#x442;-&#x43F;&#x430;&#x440;&#x430;&#x434;&#x438;&#x433;&#x43C;$e&#x441;&#x442;&#x430;&#x442;&#x44C;&#x438;, &#x43E;&#x447;&#x435;&#x440;&#x43A;&#x438;, &#x43C;&#x430;&#x442;&#x435;&#x440;&#x438;&#x430;&#x43B;&#x44B;$f&#x421;&#x430;&#x440;&#x430;&#x442;&#x43E;&#x432;&#x441;&#x43A;&#x430;&#x44F; &#x433;&#x43E;&#x441;&#x443;&#x434;&#x430;&#x440;&#x441;&#x442;&#x432;&#x435;&#x43D;&#x43D;&#x430;&#x44F; &#x43A;&#x43E;&#x43D;&#x441;&#x435;&#x440;&#x432;&#x430;&#x442;&#x43E;&#x440;&#x438;&#x44F; &#x438;&#x43C;. &#x41B;. &#x412;. &#x421;&#x43E;&#x431;&#x438;&#x43D;&#x43E;&#x432;&#x430;, &#x426;&#x435;&#x43D;&#x442;&#x440; &#x43A;&#x43E;&#x43C;&#x43F;&#x43B;&#x435;&#x43A;&#x441;&#x43D;&#x44B;&#x445; &#x445;&#x443;&#x434;&#x43E;&#x436;&#x435;&#x441;&#x442;&#x432;&#x435;&#x43D;&#x43D;&#x44B;&#x445; &#x438;&#x441;&#x441;&#x43B;&#x435;&#x434;&#x43E;&#x432;&#x430;&#x43D;&#x438;&#x439;$g[&#x440;&#x435;&#x434;&#x430;&#x43A;&#x442;&#x43E;&#x440;-&#x441;&#x43E;&#x441;&#x442;&#x430;&#x432;&#x438;&#x442;&#x435;&#x43B;&#x44C;: &#x410;. &#x418;. &#x414;&#x435;&#x43C;&#x447;&#x435;&#x43D;&#x43A;&#x43E;]$v&#x422;. 68</subfield>
    <subfield code="9">11720633</subfield>
    <subfield code="c">&#x421;&#x430;&#x440;&#x430;&#x442;&#x43E;&#x432;</subfield>
    <subfield code="d">2018-</subfield>
    <subfield code="f">&#x421;&#x430;&#x440;&#x430;&#x442;&#x43E;&#x432;&#x441;&#x43A;&#x430;&#x44F; &#x433;&#x43E;&#x441;&#x443;&#x434;&#x430;&#x440;&#x441;&#x442;&#x432;&#x435;&#x43D;&#x43D;&#x430;&#x44F; &#x43A;&#x43E;&#x43D;&#x441;&#x435;&#x440;&#x432;&#x430;&#x442;&#x43E;&#x440;&#x438;&#x44F; &#x438;&#x43C;. &#x41B;. &#x412;. &#x421;&#x43E;&#x431;&#x438;&#x43D;&#x43E;&#x432;&#x430;, &#x426;&#x435;&#x43D;&#x442;&#x440; &#x43A;&#x43E;&#x43C;&#x43F;&#x43B;&#x435;&#x43A;&#x441;&#x43D;&#x44B;&#x445; &#x445;&#x443;&#x434;&#x43E;&#x436;&#x435;&#x441;&#x442;&#x432;&#x435;&#x43D;&#x43D;&#x44B;&#x445; &#x438;&#x441;&#x441;&#x43B;&#x435;&#x434;&#x43E;&#x432;&#x430;&#x43D;&#x438;&#x439;</subfield>
    <subfield code="n">&#x421;&#x430;&#x440;&#x430;&#x442;&#x43E;&#x432;&#x441;&#x43A;&#x430;&#x44F; &#x433;&#x43E;&#x441;&#x443;&#x434;&#x430;&#x440;&#x441;&#x442;&#x432;&#x435;&#x43D;&#x43D;&#x430;&#x44F; &#x43A;&#x43E;&#x43D;&#x441;&#x435;&#x440;&#x432;&#x430;&#x442;&#x43E;&#x440;&#x438;&#x44F; &#x438;&#x43C;&#x435;&#x43D;&#x438; &#x41B;. &#x412;. &#x421;&#x43E;&#x431;&#x438;&#x43D;&#x43E;&#x432;&#x430;</subfield>
    <subfield code="o">&#x441;&#x442;&#x430;&#x442;&#x44C;&#x438;, &#x43E;&#x447;&#x435;&#x440;&#x43A;&#x438;, &#x43C;&#x430;&#x442;&#x435;&#x440;&#x438;&#x430;&#x43B;&#x44B;</subfield>
    <subfield code="t">&#x414;&#x438;&#x430;&#x43B;&#x43E;&#x433; &#x438;&#x441;&#x43A;&#x443;&#x441;&#x441;&#x442;&#x432; &#x438; &#x430;&#x440;&#x442;-&#x43F;&#x430;&#x440;&#x430;&#x434;&#x438;&#x433;&#x43C;</subfield>
    <subfield code="y">9785948413143</subfield>
    <subfield code="v">&#x422;. 68</subfield>
  </datafield>
  <datafield tag="600" ind1=" " ind2="1">
    <subfield code="a">&#x413;&#x43B;&#x438;&#x43D;&#x43A;&#x430;</subfield>
    <subfield code="b">&#x41C;.&#x418;.</subfield>
    <subfield code="f">1804 - 1857</subfield>
    <subfield code="g">&#x41C;&#x438;&#x445;&#x430;&#x438;&#x43B; &#x418;&#x432;&#x430;&#x43D;&#x43E;&#x432;&#x438;&#x447;</subfield>
    <subfield code="j">&#x421;&#x44A;&#x435;&#x437;&#x434;&#x44B;, &#x441;&#x43E;&#x432;&#x435;&#x449;&#x430;&#x43D;&#x438;&#x44F; &#x438; &#x442;.&#x43F;</subfield>
    <subfield code="9">1473883</subfield>
    <subfield code="3">RU\NLR\AUTH\66317438</subfield>
  </datafield>
  <datafield tag="606" ind1="1" ind2=" ">
    <subfield code="a">&#x418;&#x441;&#x43A;&#x443;&#x441;&#x441;&#x442;&#x432;&#x43E;</subfield>
    <subfield code="j">&#x421;&#x44A;&#x435;&#x437;&#x434;&#x44B;, &#x441;&#x43E;&#x432;&#x435;&#x449;&#x430;&#x43D;&#x438;&#x44F; &#x438; &#x442;.&#x43F;</subfield>
    <subfield code="z">19 &#x432;.</subfield>
    <subfield code="9">2165193</subfield>
    <subfield code="3">RU\NLR\AUTH\6601539674</subfield>
  </datafield>
  <datafield tag="606" ind1="1" ind2=" ">
    <subfield code="a">&#x420;&#x443;&#x441;&#x441;&#x43A;&#x430;&#x44F; &#x43B;&#x438;&#x442;&#x435;&#x440;&#x430;&#x442;&#x443;&#x440;&#x430;</subfield>
    <subfield code="j">&#x421;&#x44A;&#x435;&#x437;&#x434;&#x44B;, &#x441;&#x43E;&#x432;&#x435;&#x449;&#x430;&#x43D;&#x438;&#x44F; &#x438; &#x442;.&#x43F;</subfield>
    <subfield code="z">19 &#x432;.</subfield>
    <subfield code="9">916588</subfield>
    <subfield code="3">RU\NLR\AUTH\6616122</subfield>
  </datafield>
  <datafield tag="686" ind1="1" ind2=" ">
    <subfield code="a">&#x429;313(2&#x420;=&#x420;&#x443;&#x441;)51-81&#x413;&#x43B;&#x438;&#x43D;&#x43A;&#x430; &#x44F;431</subfield>
  </datafield>
  <datafield tag="686" ind1="1" ind2=" ">
    <subfield code="a">&#x429;03(0)5&#x44F;431</subfield>
  </datafield>
  <datafield tag="686" ind1="1" ind2=" ">
    <subfield code="a">&#x428;5(2=&#x420;)5&#x44F;431</subfield>
  </datafield>
  <datafield tag="702" ind1=" " ind2="1">
    <subfield code="4">280</subfield>
    <subfield code="7">ca</subfield>
    <subfield code="8">rus</subfield>
    <subfield code="a">&#x413;&#x43B;&#x438;&#x43D;&#x43A;&#x430;</subfield>
    <subfield code="b">&#x41C;.&#x418;.</subfield>
    <subfield code="f">1804-1857</subfield>
    <subfield code="g">&#x41C;&#x438;&#x445;&#x430;&#x438;&#x43B; &#x418;&#x432;&#x430;&#x43D;&#x43E;&#x432;&#x438;&#x447;</subfield>
    <subfield code="9">123561</subfield>
    <subfield code="3">RU\NLR\AUTH\7713879</subfield>
  </datafield>
  <datafield tag="711" ind1="1" ind2="2">
    <subfield code="a">"&#x414;&#x438;&#x430;&#x43B;&#x43E;&#x433; &#x438;&#x441;&#x43A;&#x443;&#x441;&#x441;&#x442;&#x432; &#x438; &#x430;&#x440;&#x442;-&#x43F;&#x430;&#x440;&#x430;&#x434;&#x438;&#x433;&#x43C;", &#x43C;&#x435;&#x436;&#x434;&#x443;&#x43D;&#x430;&#x440;&#x43E;&#x434;&#x43D;&#x44B;&#x439; &#x43D;&#x430;&#x443;&#x447;&#x43D;&#x44B;&#x439; &#x444;&#x43E;&#x440;&#x443;&#x43C;</subfield>
    <subfield code="d">16</subfield>
    <subfield code="f">2024</subfield>
    <subfield code="e">&#x421;&#x430;&#x440;&#x430;&#x442;&#x43E;&#x432;</subfield>
    <subfield code="3">RU\NLR\AUTH\880618872</subfield>
  </datafield>
  <datafield tag="942" ind1=" " ind2=" ">
    <subfield code="c">BOOK</subfield>
  </datafield>
  <datafield tag="980" ind1=" " ind2=" ">
    <subfield code="a">NB</subfield>
  </datafield>
</record>
